<?xml version="1.0" encoding="UTF-8"?>
<record
    xmlns:xsi="http://www.w3.org/2001/XMLSchema-instance"
    xsi:schemaLocation="http://www.loc.gov/MARC21/slim http://www.loc.gov/standards/marcxml/schema/MARC21slim.xsd"
    xmlns="http://www.loc.gov/MARC21/slim">

  <leader>02099nam a22002777a 4500</leader>
  <controlfield tag="005">20230130161931.0</controlfield>
  <controlfield tag="008">230130b           ||||| |||| 00| 0 eng d</controlfield>
  <datafield tag="020" ind1=" " ind2=" ">
    <subfield code="a">9788184001631</subfield>
  </datafield>
  <datafield tag="040" ind1=" " ind2=" ">
    <subfield code="c">AL</subfield>
  </datafield>
  <datafield tag="041" ind1=" " ind2=" ">
    <subfield code="a">English</subfield>
  </datafield>
  <datafield tag="082" ind1=" " ind2=" ">
    <subfield code="2">23</subfield>
    <subfield code="a">330</subfield>
    <subfield code="b">DEOD</subfield>
  </datafield>
  <datafield tag="100" ind1=" " ind2=" ">
    <subfield code="a">Satish Y Deodhar</subfield>
    <subfield code="9">70156</subfield>
  </datafield>
  <datafield tag="245" ind1=" " ind2=" ">
    <subfield code="a">Day to Day Economics</subfield>
  </datafield>
  <datafield tag="260" ind1=" " ind2=" ">
    <subfield code="a">Haryana</subfield>
    <subfield code="b">Penguin Random House India Pvt Ltd</subfield>
    <subfield code="c">2018</subfield>
  </datafield>
  <datafield tag="300" ind1=" " ind2=" ">
    <subfield code="a">xii,214 p.</subfield>
    <subfield code="b">PB</subfield>
    <subfield code="c">20x13 cm.</subfield>
  </datafield>
  <datafield tag="365" ind1=" " ind2=" ">
    <subfield code="a">ABDI/0648/23</subfield>
    <subfield code="b">&#x20B9;224.00</subfield>
    <subfield code="c">&#x20B9;</subfield>
    <subfield code="d">&#x20B9;299.00</subfield>
    <subfield code="e">25%</subfield>
    <subfield code="f">16-01-2023</subfield>
  </datafield>
  <datafield tag="440" ind1=" " ind2=" ">
    <subfield code="a">Indias Bestselling Business Books Series</subfield>
    <subfield code="9">70144</subfield>
  </datafield>
  <datafield tag="520" ind1=" " ind2=" ">
    <subfield code="a">The economy isnt just for the economics to debate on. All of us are affected by its ups and downs - global recession, rise in interest rates, or hike in food prices. But do we understand the principles at work and how and why they really affect us? Day to day economics is an enjoyable, accessible, and extremely user-friendly book that explains modern day Indian economy to The economy isnt just for the economics to debate on. All of us are affected by its ups and downs - global recession, rise in interest rates, or hike in food prices. But do we understand the principles at work and how and why they really affect us? Day to day economics is an enjoyable, accessible, and extremely user-friendly book that explains modern day Indian economy to the layperson. In this relevant book, Professor Deodhar explains the role of the government and its involvement in different aspects of the economy; the need for the RBI and its functions; and how taxes, stock markets and recession work. Day to Day Economics will help you go beyond the facts and figures in the budget and connect the trends to your daily life. As with all IIMA business books, it comes illustrated with numerous Indian examples and case studies making this the ultimate rookies guide to the Indian economy.</subfield>
  </datafield>
  <datafield tag="650" ind1=" " ind2=" ">
    <subfield code="a">Economic history</subfield>
    <subfield code="9">70145</subfield>
  </datafield>
  <datafield tag="650" ind1=" " ind2=" ">
    <subfield code="a">Economics</subfield>
    <subfield code="9">70146</subfield>
  </datafield>
  <datafield tag="650" ind1=" " ind2=" ">
    <subfield code="a">Economic policy</subfield>
    <subfield code="9">70147</subfield>
  </datafield>
  <datafield tag="650" ind1=" " ind2=" ">
    <subfield code="a">India</subfield>
    <subfield code="9">70148</subfield>
  </datafield>
  <datafield tag="650" ind1=" " ind2=" ">
    <subfield code="a">IIM Ahmedabad</subfield>
    <subfield code="9">70157</subfield>
  </datafield>
  <datafield tag="700" ind1=" " ind2=" ">
    <subfield code="a">DEODHAR (Satish Y)</subfield>
    <subfield code="9">70134</subfield>
  </datafield>
  <datafield tag="942" ind1=" " ind2=" ">
    <subfield code="2">ddc</subfield>
    <subfield code="c">BK</subfield>
  </datafield>
  <datafield tag="999" ind1=" " ind2=" ">
    <subfield code="c">226474</subfield>
    <subfield code="d">226474</subfield>
  </datafield>
  <datafield tag="952" ind1=" " ind2=" ">
    <subfield code="0">0</subfield>
    <subfield code="1">0</subfield>
    <subfield code="2">ddc</subfield>
    <subfield code="4">0</subfield>
    <subfield code="7">0</subfield>
    <subfield code="8">ECO</subfield>
    <subfield code="a">AL</subfield>
    <subfield code="b">AL</subfield>
    <subfield code="c">SK</subfield>
    <subfield code="d">2023-01-24</subfield>
    <subfield code="e">Academic Book Distributors Ramanagaram 562159</subfield>
    <subfield code="g">224.00</subfield>
    <subfield code="l">1</subfield>
    <subfield code="m">1</subfield>
    <subfield code="o">330 DEOD</subfield>
    <subfield code="p">076351</subfield>
    <subfield code="r">2023-03-23 00:00:00</subfield>
    <subfield code="s">2023-03-07</subfield>
    <subfield code="v">299.00</subfield>
    <subfield code="w">2023-01-30</subfield>
    <subfield code="y">BK</subfield>
  </datafield>
</record>
